[Event "Murcia-ch 18th"]
[Site "Totana"]
[Date "2003.05.03"]
[Round "8"]
[White "Mendoza Garcia, Alfonso Jose"]
[Black "Munoz Navarro, Alberto"]
[Result "0-1"]
[WhiteElo "2061"]
[BlackElo "2129"]
[PlyCount "98"]
[EventDate "2003.03.08"]
[EventType "swiss"]
[EventRounds "9"]
[EventCountry "ESP"]
[SourceTitle "EXT 2004"]
[Source "ChessBase"]
[SourceDate "2003.11.25"]
[SourceVersion "1"]
[SourceVersionDate "2003.11.25"]
[SourceQuality "1"]

1. e4 c5 2. Nc3 Nc6 3. f4 g6 4. Nf3 Bg7 5. Bc4 e6 6. d3 Nge7 7. 0-0 0-0 8. Qe1 a6 9. a4 Nd4 10. Nxd4 cxd4 11. Ne2 d5 12. Bb3 dxe4 13. dxe4 d3 14. Nc3 Nc6 15. Be3 Nd4 16. Bxd4 Bxd4+ 17. Kh1 dxc2 18. Bxc2 Qb6 19. Rd1 Rd8 20. e5 Bxc3 21. Rxd8+ Qxd8 22. Qxc3 Bd7 23. Rd1 Rc8 24. Qd3 Qc7 25. Bb3 Bc6 26. h3 Qb6 27. Qg3 Rd8 28. Rxd8+ Qxd8 29. f5 exf5 30. e6 fxe6 31. Bxe6+ Kg7 32. Qe5+ Qf6 33. Qc7+ Kh6 34. Qf4+ Kg7 35. Bc4 Qxb2 36. Qc7+ Kh6 37. Qg3 Qc1+ 38. Kh2 Qxc4 39. Qe3+ g5 40. Qe7 Qd4 41. Qe6+ Kg7 42. Qe7+ Kg6 43. Qe6+ Qf6 44. Qg8+ Kh6 45. a5 f4 46. Qc8 f3 47. gxf3 Qf4+ 48. Kg1 Qe3+ 49. Kh2 Qf2+ 0-1

[Event "Murcia-ch 18th"]
[Site "Totana"]
[Date "2003.04.26"]
[Round "7"]
[White "Illueca Ballester, Jose Eduardo"]
[Black "Mendoza Garcia, Alfonso Jose"]
[Result "0-1"]
[WhiteElo "1955"]
[BlackElo "2061"]
[PlyCount "72"]
[EventDate "2003.03.08"]
[EventType "swiss"]
[EventRounds "9"]
[EventCountry "ESP"]
[SourceTitle "EXT 2004"]
[Source "ChessBase"]
[SourceDate "2003.11.25"]
[SourceVersion "1"]
[SourceVersionDate "2003.11.25"]
[SourceQuality "1"]

1. e4 e6 2. d4 d5 3. Nc3 Bb4 4. Nge2 Nc6 5. e5 f6 6. f4 fxe5 7. fxe5 Qh4+ 8. g3 Qg4 9. Bg2 Nge7 10. a3 Bxc3+ 11. bxc3 0-0 12. Bd2 Na5 13. Nf4 Qxd1+ 14. Rxd1 Nc4 15. Bh3 Nf5 16. Bxf5 Rxf5 17. Bc1 Bd7 18. 0-0 Re8 19. Rf2 Bb5 20. Re1 b6 21. Kg2 Na5 22. g4 Rf7 23. Kg3 Ref8 24. Nd3 Bxd3 25. Rxf7 Rxf7 26. cxd3 c5 27. dxc5 bxc5 28. Be3 c4 29. Rb1 cxd3 30. Rb8+ Rf8 31. Rxf8+ Kxf8 32. Kf2 a6 33. Bc5+ Ke8 34. Bd6 Nc4 35. h3 Nxd6 36. exd6 e5 0-1

[Event "Murcia-ch 18th"]
[Site "Totana"]
[Date "2003.03.15"]
[Round "2"]
[White "Mendoza Garcia, Alfonso Jose"]
[Black "Burriel Rosello, Carlos"]
[Result "0-1"]
[WhiteElo "2061"]
[BlackElo "2190"]
[PlyCount "64"]
[EventDate "2003.03.08"]
[EventType "swiss"]
[EventRounds "9"]
[EventCountry "ESP"]
[SourceTitle "EXT 2004"]
[Source "ChessBase"]
[SourceDate "2003.11.25"]
[SourceVersion "1"]
[SourceVersionDate "2003.11.25"]
[SourceQuality "1"]

1. e4 c5 2. c3 d6 3. d4 Nf6 4. dxc5 Nc6 5. Bb5 Nxe4 6. cxd6 Qb6 7. Qd4 Qxb5 8. Qxe4 Bf5 9. Qe3 0-0-0 10. Na3 Qd5 11. Ne2 Rxd6 12. 0-0 e5 13. c4 Qd3 14. Nb5 Rg6 15. Ng3 Qxe3 16. Bxe3 Bd3 17. Rfc1 a6 18. b3 axb5 19. cxb5 Bxb5 20. a4 Bd3 21. Rc3 e4 22. Nf5 Bb4 23. Rcc1 Kb8 24. Bf4+ Ka8 25. a5 Rf6 26. g4 h5 27. Bg5 Rg6 28. f4 exf3 29. h4 f6 30. a6 fxg5 31. axb7+ Kxb7 32. gxh5 Rxh5 0-1